Mirror world. V., Zakladatel /
Pátý titul z LitRPG sci-fi série ruského autora. Hrdina Oleg musí zpět do hry, v níž se objevují nové hrozby...
Uloženo v:
| Série: | Mirror world,
část 5 |
|---|---|
| Hlavní autor: | |
| Další autoři: | |
| Médium: | E-kniha |
| Jazyk: | Czech |
| Vydáno: |
Ostrava :
Fantom Print,
2023
|
| Vydání: | 1. vydání |
| Témata: | |
| Příbuzné jednotky: | Název anglického překladu::
Founder Z cyklu:: Mirror world |
| Tagy: |
Žádné tagy |
| LEADER | 02836nam a2200481 i 4500 | ||
|---|---|---|---|
| 001 | 312197 | ||
| 003 | CZ PrSKC | ||
| 005 | 20260601215718.0 | ||
| 007 | ta | ||
| 008 | 231130s2023 xr g 000 f cze | ||
| 015 | |a cnb003576451 | ||
| 020 | |a 9788075941404 |q (brožováno) | ||
| 035 | |a (OCoLC)1438773464 | ||
| 040 | |a ABG001 |b cze |d ABA001 |e rda | ||
| 041 | 1 | |a cze |k eng |h rus | |
| 072 | 7 | |a 821.161.1 |x Ruská literatura, rusky psaná |2 Konspekt | |
| 080 | |a 821.161.1(477)-31 |2 MRF | ||
| 080 | |a (0:82-311.9) |2 MRF | ||
| 100 | 1 | |a Osadčuk, Alexej, |d 1979- |7 xx0273768 |4 aut | |
| 240 | 1 | 0 | |a Osnovatel‘. |l Česky |
| 245 | 1 | 0 | |a Mirror world. |n V., |p Zakladatel / |c Alexej Osadčuk ; překlad Jan Benda |
| 246 | 3 | 0 | |a Zakladatel |
| 250 | |a 1. vydání | ||
| 264 | 1 | |a Ostrava : |b Fantom Print, |c 2023 | |
| 300 | |a 351 stran ; |c 21 cm | ||
| 336 | |a text |b txt |2 rdacontent | ||
| 337 | |a bez média |b n |2 rdamedia | ||
| 338 | |a svazek |b nc |2 rdacarrier | ||
| 500 | |a Přeloženo z anglického překladu ruského originálu | ||
| 520 | 2 | |a Pátý titul z LitRPG sci-fi série ruského autora. Hrdina Oleg musí zpět do hry, v níž se objevují nové hrozby... |b Měsíční rehabilitace po dlouhém ponoru utekla Olegovi jako jediný den. Zatímco odpočíval a nabíral síly v rodinném kruhu, události v Mirror Worldu nabraly spád. Světlé i Temné klany nadále pronikají do země nikoho. V herních novinkách a multimediálních zdrojích se stále častěji objevují zmínky o střetech zvědů z různých klanů, kteří bojují mezi sebou i s místními monstry vysokých úrovní. Všichni se v rámci svých možností snaží urvat nejlukrativnější kousky nového území. Oleg si uvědomuje, že Temní na svou potupu nezapomněli. Příměří se Světlými stojí na chatrných základech. Následně se v údolí Stříbrné hory zjeví vetřelci. Novou kalteánskou osadu je zapotřebí bezodkladně opevnit, Oleg se tedy musí opět ponořit do hry. Nakladatelská anotace. | |
| 546 | |a Český text | ||
| 655 | 7 | |a ukrajinské romány (rusky) |7 fd1223142 |2 czenas | |
| 655 | 7 | |a vědecko-fantastické romány |7 fd133847 |2 czenas | |
| 655 | 9 | |a Ukrainian fiction (Russian) |2 eczenas | |
| 655 | 9 | |a science fiction novels |2 eczenas | |
| 700 | 1 | |a Benda, Jan |7 ola20191051181 |4 trl | |
| 765 | 0 | 8 | |i Název anglického překladu: |t Founder |
| 787 | 0 | 8 | |i Z cyklu: |t Mirror world |g 5 |
| 900 | |a ABA001 |b 20 | ||
| 044 | |a xr | ||
| 910 | |a RBIT002 | ||
| 998 | |d 391976 |a https://core.palmknihy.cz/api/books/391976/cover?s4gy2b |b https://core.palmknihy.cz/api/books/391976/cover/400?s4gy2b |c https://core.palmknihy.cz/api/books/391976/cover/50?s4gy2b |e 2027-11-25 |g 352 |i 9788075941404 |j https://core.palmknihy.cz/api/books/391976/preview.epub |l |q 49 |r 1 |s https://www.palmknihy.cz/kniha/391976 |t ebook |y 2023 |z 0 |v Mirror World |w 5 | ||
| 999 | |d 312195 | ||